| 000 | 00578nam a2200217 a 4500 | ||
|---|---|---|---|
| 005 | 20140310183449.0 | ||
| 008 | 081223s19uu xx 00 eng d | ||
| 020 | _a9780071261883 | ||
| 050 |
_aTS 155 _b.J27 2008 |
||
| 100 | _aJacobs, Roberts F. | ||
| 245 |
_aOperations and supply management : _bthe core. / |
||
| 260 |
_aBoston : _bMcGraw-Hill, _c2008. |
||
| 300 |
_a415 p. : _bill. ; _c26 cm. |
||
| 521 | _aBSBA | ||
| 650 | _aBSBA. | ||
| 650 | _aProduction management. | ||
| 700 | _aChase, Richard B. | ||
| 942 |
_cBK _2lcc _kFOR |
||
| 999 |
_c23330 _d23330 |
||